[Event "España ch sub-12 2012"]
[Site "Salobreña ESP"]
[Date "2012.07.02"]
[Round "2.5"]
[White "Bayo Milagro, Alvaro"]
[Black "Sole Pijuan, Ferran"]
[Result "1-0"]
[WhiteElo "1856"]
[BlackElo "1539"]
[PlyCount "89"]
[EventDate "2012.07.02"]
[EventType "swiss"]
[EventRounds "9"]
[EventCountry "ESP"]
[Source "lmi"]
[SourceDate "2012.07.02"]

1. e4 e5 2. Nf3 Nc6 3. Bc4 Bc5 4. c3 Nf6 5. d4 exd4 6. O-O Nxe4 7. cxd4 Bb4 8.
a3 Be7 9. d5 Nb8 10. Qd4 Nf6 11. b4 d6 12. Re1 O-O 13. Nbd2 Bf5 14. Bb2 Nbd7
15. Nf1 Nh5 16. Qd2 Bf6 17. Nd4 Bxd4 18. Bxd4 Nb6 19. Bb3 Qh4 20. f3 Qf4 21.
Be3 Qh4 22. Bg5 Nc4 23. Bxh4 Nxd2 24. Nxd2 Nf4 25. Re7 Rac8 26. Bf2 a6 27. Rc1
Rfe8 28. Rxe8+ Rxe8 29. Rxc7 h6 30. Nf1 Bd3 31. Bc4 Bxc4 32. Rxc4 Nxd5 33. Rd4
Nc3 34. Rxd6 Nb5 35. Rb6 Nxa3 36. Rxb7 Nc2 37. Bc5 Ne1 38. Rd7 Re2 39. Rd8+ Kh7
40. Ne3 Rb2 41. Rd6 f5 42. Rd1 Nc2 43. Nxc2 Rxc2 44. Ra1 a5 45. Rxa5 1-0

[Event "España ch sub-12 2012"]
[Site "Salobreña ESP"]
[Date "2012.07.02"]
[Round "2.6"]
[White "Leal Romero, Antonio Jose"]
[Black "Porta Tovar, Guillem"]
[Result "0-1"]
[WhiteElo "1537"]
[BlackElo "1846"]
[PlyCount "52"]
[EventDate "2012.07.02"]
[EventType "swiss"]
[EventRounds "9"]
[EventCountry "ESP"]
[Source "lmi"]
[SourceDate "2012.07.02"]

1. e4 e5 2. Nf3 Nc6 3. Bc4 Bc5 4. c3 Nf6 5. d4 exd4 6. cxd4 Bb4+ 7. Nc3 Nxe4 8.
O-O Bxc3 9. d5 Bf6 10. Re1 Ne7 11. Rxe4 d6 12. Bg5 Bxg5 13. Nxg5 h6 14. Qh5 O-O
15. Rae1 Ng6 16. Nxf7 Qf6 17. R1e3 Qxf7 18. Rf3 Bf5 19. g4 Bxe4 20. Rxf7 Rxf7
21. Qh3 Rf3 22. Qf1 Nf4 23. Qd1 Nh3+ 24. Kf1 Rxf2+ 25. Ke1 Re8 26. Be2 Bf3 0-1

[Event "España ch sub-12 2012"]
[Site "Salobreña ESP"]
[Date "2012.07.02"]
[Round "2.7"]
[White "Muñoz Pelaez, Manuel"]
[Black "Perez Roales, Miguel"]
[Result "1-0"]
[WhiteElo "1805"]
[BlackElo "1533"]
[PlyCount "57"]
[EventDate "2012.07.02"]
[EventType "swiss"]
[EventRounds "9"]
[EventCountry "ESP"]
[Source "lmi"]
[SourceDate "2012.07.02"]

1. e4 c5 2. Nf3 g6 3. d4 cxd4 4. Nxd4 Bg7 5. Nc3 Nc6 6. Be3 d6 7. f3 Nf6 8. g4
O-O 9. Qd2 Nxd4 10. Bxd4 Be6 11. O-O-O Qa5 12. Kb1 Rfd8 13. Be2 Rab8 14. g5 Nh5
15. Bxg7 Kxg7 16. f4 b5 17. Bxh5 gxh5 18. f5 Bc4 19. b3 Qa3 20. Nd5 Bxd5 21.
exd5 Rb6 22. Qd4+ Kg8 23. Rd2 Ra6 24. c3 Rb8 25. g6 Qc5 26. gxh7+ Kxh7 27. Qd3
f6 28. Qh3 Kh6 29. Rg2 1-0

[Event "España ch sub-12 2012"]
[Site "Salobreña ESP"]
[Date "2012.07.02"]
[Round "2.8"]
[White "Pavon Martinez, Alberto"]
[Black "Escudero Manzano, Sergio"]
[Result "1/2-1/2"]
[WhiteElo "1535"]
[BlackElo "1789"]
[PlyCount "66"]
[EventDate "2012.07.02"]
[EventType "swiss"]
[EventRounds "9"]
[EventCountry "ESP"]
[Source "lmi"]
[SourceDate "2012.07.02"]

1. e4 c5 2. Nf3 d6 3. d4 cxd4 4. Nxd4 Nf6 5. Nc3 g6 6. Be3 Bg7 7. f3 O-O 8. Qd2
Nc6 9. O-O-O d5 10. Bd3 e5 11. Nxc6 bxc6 12. Bh6 Be6 13. Kb1 Qa5 14. Nxd5 Qxd2
15. Nxf6+ Bxf6 16. Rxd2 Rfd8 17. Be3 Be7 18. Rhd1 Rab8 19. c4 Bb4 20. Rc2 Rd7
21. Be2 Rbd8 22. Rxd7 Rxd7 23. a3 Be7 24. b4 a5 25. c5 Rb7 26. Rb2 axb4 27.
Rxb4 Ra7 28. Kb2 Ra5 29. Bc4 Bxc5 30. Bxc5 Rxc5 31. Bxe6 fxe6 32. a4 Ra5 33.
Rc4 c5 1/2-1/2

[Event "España ch sub-12 2012"]
[Site "Salobreña ESP"]
[Date "2012.07.02"]
[Round "2.9"]
[White "Represa Perez, Mireya"]
[Black "Jimenez Vado, Yvan"]
[Result "0-1"]
[WhiteElo "1525"]
[BlackElo "1739"]
[PlyCount "52"]
[EventDate "2012.07.02"]
[EventType "swiss"]
[EventRounds "9"]
[EventCountry "ESP"]
[Source "lmi"]
[SourceDate "2012.07.02"]

1. e4 c5 2. Nc3 Nc6 3. f4 d6 4. Nf3 g6 5. Bc4 Bg7 6. O-O e6 7. d3 Nge7 8. Qe1
a6 9. Bb3 b5 10. f5 gxf5 11. exf5 Nxf5 12. Ng5 O-O 13. Nxe6 fxe6 14. Bxe6+ Kh8
15. Qe4 Bd4+ 16. Kh1 Ng3+ 17. hxg3 Rxf1+ 18. Kh2 Bxe6 19. Qxe6 Qf6 20. Qxf6+
Bxf6 21. Ne4 Be5 22. c3 Raf8 23. Nd2 Rd1 24. Nf3 Rg8 25. Nxe5 Nxe5 26. b3 Ng4+
0-1

[Event "España ch sub-12 2012"]
[Site "Salobreña ESP"]
[Date "2012.07.02"]
[Round "2.10"]
[White "Roma Barge, Gabriel"]
[Black "De La Peña Garcia, Blanca"]
[Result "1-0"]
[WhiteElo "1735"]
[BlackElo "1519"]
[PlyCount "66"]
[EventDate "2012.07.02"]
[EventType "swiss"]
[EventRounds "9"]
[EventCountry "ESP"]
[Source "lmi"]
[SourceDate "2012.07.02"]

1. e4 d5 2. Nc3 d4 3. Nce2 e5 4. Ng3 Nc6 5. Nf3 a6 6. Bc4 Nf6 7. Ng5 Be6 8.
Nxe6 fxe6 9. Bxe6 Qe7 10. Bb3 Na5 11. O-O Nxb3 12. axb3 Qf7 13. d3 Be7 14. f4
Qe6 15. fxe5 Qxe5 16. Bf4 Qc5 17. Nf5 O-O 18. Qf3 Rfe8 19. Qg3 g6 20. Nh6+ Kg7
21. Nf5+ Kg8 22. Nxe7+ Qxe7 23. Bg5 Nxe4 24. dxe4 Qxe4 25. Qd3 Qxd3 26. cxd3
Re2 27. Rf2 Rae8 28. Raf1 Rxf2 29. Rxf2 Re1+ 30. Rf1 Re2 31. Bh6 Re8 32. Rf6
Re1+ 33. Kf2 Re8 1-0

[Event "España ch sub-12 2012"]
[Site "Salobreña ESP"]
[Date "2012.07.02"]
[Round "2.11"]
[White "Ferreiro Solla, Pablo"]
[Black "Roig Serralta, Nadal"]
[Result "0-1"]
[WhiteElo "1517"]
[BlackElo "1721"]
[PlyCount "34"]
[EventDate "2012.07.02"]
[EventType "swiss"]
[EventRounds "9"]
[EventCountry "ESP"]
[Source "lmi"]
[SourceDate "2012.07.02"]

1. e4 e6 2. b3 d5 3. Bb2 dxe4 4. Nc3 Nf6 5. Qe2 Be7 6. O-O-O Bd7 7. Nxe4 Bc6 8.
Nc3 O-O 9. Nf3 Nd5 10. Ne5 Nxc3 11. Bxc3 a5 12. Nxc6 Nxc6 13. Qb5 a4 14. Qxb7
Qd6 15. Qb5 axb3 16. cxb3 Rfb8 17. Qe2 Rxa2 0-1

[Event "España ch sub-12 2012"]
[Site "Salobreña ESP"]
[Date "2012.07.02"]
[Round "2.12"]
[White "Ros Alonso, Jaume"]
[Black "Roldan Marques, Daniel"]
[Result "0-1"]
[WhiteElo "1713"]
[BlackElo "1513"]
[PlyCount "64"]
[EventDate "2012.07.02"]
[EventType "swiss"]
[EventRounds "9"]
[EventCountry "ESP"]
[Source "lmi"]
[SourceDate "2012.07.02"]

1. e4 e5 2. Nf3 Nc6 3. d4 exd4 4. Nxd4 Nf6 5. Nxc6 dxc6 6. Qxd8+ Kxd8 7. Nc3
Be7 8. Bf4 Bd7 9. Bc4 Nh5 10. Be5 f6 11. Bd4 Nf4 12. O-O-O c5 13. Be3 Nxg2 14.
Rhg1 Nxe3 15. fxe3 g6 16. Bd5 Rb8 17. Rd2 Bd6 18. Rgd1 Ke7 19. Bb3 Be6 20. Nb5
Bxb3 21. axb3 Rbd8 22. Kb1 Bxh2 23. Nc3 Rxd2 24. Rxd2 Be5 25. Rd5 Bxc3 26. bxc3
b6 27. b4 cxb4 28. cxb4 Rd8 29. Kc1 Rxd5 30. exd5 Kd6 31. c4 b5 32. Kd1 Ke5 0-1

[Event "España ch sub-12 2012"]
[Site "Salobreña ESP"]
[Date "2012.07.02"]
[Round "2.13"]
[White "Cabrera Valverde, Cristina"]
[Black "Lechuga Cabrero, Luis Miguel"]
[Result "0-1"]
[WhiteElo "1511"]
[BlackElo "1712"]
[PlyCount "98"]
[EventDate "2012.07.02"]
[EventType "swiss"]
[EventRounds "9"]
[EventCountry "ESP"]
[Source "lmi"]
[SourceDate "2012.07.02"]

1. e4 e5 2. Nf3 Nc6 3. Bc4 Bc5 4. c3 Nf6 5. d3 h6 6. Nbd2 d6 7. Bb3 O-O 8. Nf1
Ng4 9. Ne3 Nxe3 10. Bxe3 Bxe3 11. fxe3 Kh8 12. O-O f5 13. exf5 Bxf5 14. e4 Bg4
15. h3 Bh5 16. g4 Bg6 17. Qe1 Rf4 18. Nh4 Rxf1+ 19. Kxf1 Qf6+ 20. Qf2 Qxf2+ 21.
Kxf2 Rf8+ 22. Kg2 Ne7 23. Nf5 Bxf5 24. gxf5 g6 25. fxg6 Nxg6 26. Bc4 Nf4+ 27.
Kh2 c6 28. d4 b5 29. Bb3 exd4 30. cxd4 Ne2 31. d5 cxd5 32. Bxd5 Rf2+ 33. Kh1
Nf4 34. Rc1 Rxb2 35. Rc8+ Kg7 36. Rc7+ Kf6 37. Rxa7 Nxd5 38. exd5 Ke5 39. a4
Ra2 40. a5 Kxd5 41. a6 Kc6 42. Rh7 Rxa6 43. Rxh6 b4 44. Rh4 b3 45. Rb4 Rb6 46.
Rc4+ Kd5 47. Rc1 b2 48. Rb1 Kc4 49. h4 Kc3 0-1

[Event "España ch sub-12 2012"]
[Site "Salobreña ESP"]
[Date "2012.07.02"]
[Round "2.14"]
[White "Plazuelo Pascual, Juan"]
[Black "Martin Cabrerizo, Francisco David"]
[Result "1-0"]
[WhiteElo "1703"]
[BlackElo "1503"]
[PlyCount "83"]
[EventDate "2012.07.02"]
[EventType "swiss"]
[EventRounds "9"]
[EventCountry "ESP"]
[Source "lmi"]
[SourceDate "2012.07.02"]

1. e4 e6 2. d4 d5 3. Nc3 Bb4 4. e5 c5 5. a3 Bxc3+ 6. bxc3 Ne7 7. Qg4 Qc7 8.
Qxg7 Rg8 9. Qxh7 cxd4 10. Ne2 dxc3 11. f4 Bd7 12. Qd3 Nbc6 13. Nxc3 a6 14. Rb1
Rc8 15. Ne2 Nf5 16. Bd2 Na5 17. Nd4 Nxd4 18. Qxd4 b5 19. Kf2 Qxc2 20. Rc1 Nb3
21. Rxc2 Nxd4 22. Rxc8+ Bxc8 23. Bd3 Kd7 24. h4 Nb3 25. Bb4 Nd4 26. h5 Nc6 27.
h6 Ke8 28. h7 Rh8 29. Bd6 Ne7 30. Bxe7 Kxe7 31. Rh3 f5 32. exf6+ Kxf6 33. Rg3
Kf7 34. Ke3 Bd7 35. Kd4 Kf8 36. Kc5 Kf7 37. Kd6 Be8 38. Bg6+ Kf6 39. Bxe8 Rxh7
40. Rg8 Rh6 41. g4 Rh3 42. Rg6# 1-0

[Event "España ch sub-12 2012"]
[Site "Salobreña ESP"]
[Date "2012.07.02"]
[Round "2.15"]
[White "Orantes Taboada, Francisco"]
[Black "Llados Clos, Jordi"]
[Result "1-0"]
[WhiteElo "1688"]
[BlackElo "1471"]
[PlyCount "95"]
[EventDate "2012.07.02"]
[EventType "swiss"]
[EventRounds "9"]
[EventCountry "ESP"]
[Source "lmi"]
[SourceDate "2012.07.02"]

1. e4 e5 2. Nf3 Nc6 3. d4 exd4 4. Nxd4 Bc5 5. Nxc6 Qf6 6. Qf3 dxc6 7. Nc3 Be6
8. Bd3 O-O-O 9. Rg1 Ne7 10. Qxf6 gxf6 11. Bf4 Ng6 12. Bg3 Bd4 13. O-O-O Bxc3
14. bxc3 Bxa2 15. c4 b5 16. cxb5 cxb5 17. Bxb5 Be6 18. f3 Kb7 19. h4 h5 20. Bf2
Nf4 21. Be3 Rxd1+ 22. Kxd1 Rd8+ 23. Kc1 Ng6 24. f4 f5 25. e5 Nxh4 26. Be2 Bd5
27. g3 Bf3 28. Bxf3+ Nxf3 29. Rh1 Rh8 30. Kd1 Rd8+ 31. Ke2 Nd4+ 32. Bxd4 Rxd4
33. Rxh5 Rc4 34. Kd2 Rd4+ 35. Kc3 Re4 36. Rxf5 Re3+ 37. Kb2 Rxg3 38. Rxf7 Re3
39. Rf6 Kc8 40. e6 Kd8 41. f5 a5 42. Rf8+ Ke7 43. Rf7+ Kd8 44. Rd7+ Kc8 45. Rd5
a4 46. Ra5 Rf3 47. Ra8+ Kb7 48. e7 1-0

[Event "España ch sub-12 2012"]
[Site "Salobreña ESP"]
[Date "2012.07.02"]
[Round "2.16"]
[White "Puga Sanchez, Miguel"]
[Black "Galiana Fernandez, Adrian"]
[Result "1/2-1/2"]
[WhiteElo "1670"]
[BlackElo "1470"]
[PlyCount "125"]
[EventDate "2012.07.02"]
[EventType "swiss"]
[EventRounds "9"]
[EventCountry "ESP"]
[Source "lmi"]
[SourceDate "2012.07.02"]

1. e4 c5 2. Nc3 e6 3. f4 Nc6 4. Nf3 g6 5. Bb5 Bg7 6. O-O Nge7 7. d3 O-O 8. Be3
d6 9. Qe1 f5 10. Qh4 Rb8 11. exf5 Nxf5 12. Qf2 Nxe3 13. Qxe3 Nd4 14. Qd2 Nxb5
15. Nxb5 Qb6 16. c4 a6 17. Nc3 Qc6 18. Rae1 b5 19. Ng5 e5 20. fxe5 Bxe5 21.
Rxf8+ Kxf8 22. Qf2+ Bf5 23. Kh1 Kg7 24. Nge4 Rf8 25. Qe2 bxc4 26. dxc4 Qb7 27.
b3 Qd7 28. Nxc5 Qd8 29. Nd5 Qh4 30. g3 Qh6 31. Nd3 Bxd3 32. Qxd3 Rf2 33. h4 Qh5
34. Nf4 Qg4 35. Rf1 Rxa2 36. Qf3 Qxf3+ 37. Rxf3 Bxf4 38. Rxf4 Ra3 39. Rf3 a5
40. Kg2 Ra2+ 41. Kh3 Ra3 42. Kg4 a4 43. bxa4 Rxa4 44. Rf4 Ra5 45. Kf3 Rf5 46.
g4 Rxf4+ 47. Kxf4 h6 48. Ke4 Kf7 49. h5 gxh5 50. gxh5 Ke6 51. Kd4 Kd7 52. Kd3
Kc6 53. Kd4 Kd7 54. Ke3 Ke7 55. Kd4 Kd8 56. Ke4 Ke8 57. Kf4 Kf8 58. Ke4 Ke8 59.
Kd5 Kd7 60. Kd4 Kd8 61. Ke4 Ke8 62. Kf4 Kf8 63. Ke4 1/2-1/2

[Event "España ch sub-12 2012"]
[Site "Salobreña ESP"]
[Date "2012.07.02"]
[Round "2.17"]
[White "Cabrera Valverde, Jose David"]
[Black "Iglesias Feijoo, Alberto"]
[Result "0-1"]
[WhiteElo "1457"]
[BlackElo "1660"]
[PlyCount "74"]
[EventDate "2012.07.02"]
[EventType "swiss"]
[EventRounds "9"]
[EventCountry "ESP"]
[Source "lmi"]
[SourceDate "2012.07.02"]

1. e4 e6 2. d4 d5 3. Nc3 dxe4 4. Nxe4 Nd7 5. Nf3 Ngf6 6. Bg5 Be7 7. Bd3 Nxe4 8.
Bxe7 Nxf2 9. Bxd8 Nxd1 10. Rxd1 Kxd8 11. O-O f6 12. Rde1 Nb6 13. b3 Bd7 14. Nd2
c6 15. Nc4 Nxc4 16. Bxc4 Re8 17. Re3 Kc7 18. Rg3 Re7 19. Re1 a5 20. d5 b5 21.
Bd3 cxd5 22. Bxh7 Rh8 23. Bd3 e5 24. c3 Kd6 25. c4 bxc4 26. bxc4 d4 27. Rc1 Rc8
28. Rg6 e4 29. Bf1 d3 30. Rg3 d2 31. Rd1 e3 32. Be2 Ba4 33. Rb1 Kc5 34. Kf1 Rd8
35. Rf3 d1=Q+ 36. Bxd1 Rxd1+ 37. Rxd1 Bxd1 0-1

[Event "España ch sub-12 2012"]
[Site "Salobreña ESP"]
[Date "2012.07.02"]
[Round "2.18"]
[White "Perez Mondejar, Adler"]
[Black "Zapata Caparros, Sergio"]
[Result "0-1"]
[WhiteElo "1455"]
[BlackElo "1653"]
[PlyCount "102"]
[EventDate "2012.07.02"]
[EventType "swiss"]
[EventRounds "9"]
[EventCountry "ESP"]
[Source "lmi"]
[SourceDate "2012.07.02"]

1. e4 c5 2. c3 d5 3. exd5 Qxd5 4. d4 Nf6 5. Nf3 Bg4 6. Be2 Nc6 7. c4 Qf5 8. d5
Bxf3 9. Bxf3 Nd4 10. Na3 Nxf3+ 11. Qxf3 Qxf3 12. gxf3 a6 13. Be3 Nd7 14. O-O-O
g6 15. Rhe1 Bg7 16. Bg5 Bf6 17. Bxf6 Nxf6 18. Nc2 Kd7 19. Ne3 Kd6 20. Ng4 Nd7
21. Nh6 Rhf8 22. Ng4 h5 23. Ne3 Rae8 24. b3 Ne5 25. f4 Nf3 26. Rh1 Nd4 27. Nc2
Ne2+ 28. Kb2 Nxf4 29. h4 e6 30. dxe6+ Kxe6 31. Rhe1+ Kf6 32. Rd6+ Kg7 33. Rxe8
Rxe8 34. Ne3 Nh3 35. Rd2 Nxf2 36. Nf5+ gxf5 37. Rxf2 Kf6 38. Kc3 Re4 39. Rh2
Ke5 40. Kd3 Kf4 41. Rg2 Re3+ 42. Kd2 Rg3 43. Rf2+ Kg4 44. Re2 Kxh4 45. Re7 f4
46. Rxf7 Rg4 47. Kd3 Kg3 48. Ke2 h4 49. Rd7 f3+ 50. Kf1 h3 51. Rd2 h2 0-1

[Event "España ch sub-12 2012"]
[Site "Salobreña ESP"]
[Date "2012.07.02"]
[Round "2.19"]
[White "Martinez Lopez, Carlos"]
[Black "Redondo Benavente, Ana Del Carmen"]
[Result "1/2-1/2"]
[WhiteElo "1649"]
[BlackElo "1419"]
[PlyCount "60"]
[EventDate "2012.07.02"]
[EventType "swiss"]
[EventRounds "9"]
[EventCountry "ESP"]
[Source "lmi"]
[SourceDate "2012.07.02"]

1. e4 e5 2. Nc3 Nc6 3. g3 Nf6 4. Bg2 Bc5 5. h3 d6 6. Nge2 O-O 7. O-O Be6 8. d3
a6 9. a4 h6 10. Kh2 d5 11. exd5 Nxd5 12. Bd2 f5 13. Qc1 Qd7 14. f4 Rae8 15.
fxe5 Nxe5 16. Nf4 Nxf4 17. Bxf4 Nc6 18. Qd1 Kh8 19. Re1 Bd6 20. Ne2 Bf7 21. Qd2
b6 22. Qc3 Ne5 23. Bxe5 Rxe5 24. d4 Re6 25. Qd3 Bh5 26. Nc3 a5 27. Bf3 Bxf3 28.
Qxf3 Bb4 29. Rxe6 Qxe6 30. Ne2 Qe7 1/2-1/2

[Event "España ch sub-12 2012"]
[Site "Salobreña ESP"]
[Date "2012.07.02"]
[Round "2.20"]
[White "Lacruz Algarate, Alvaro"]
[Black "Larraga Navarro, Adrian"]
[Result "1/2-1/2"]
[WhiteElo "1363"]
[BlackElo "1646"]
[PlyCount "63"]
[EventDate "2012.07.02"]
[EventType "swiss"]
[EventRounds "9"]
[EventCountry "ESP"]
[Source "lmi"]
[SourceDate "2012.07.02"]

1. e4 e6 2. b3 d5 3. Bb2 Nf6 4. exd5 exd5 5. d4 c5 6. c4 Nc6 7. Nf3 Be6 8. Be2
Be7 9. O-O O-O 10. Ne5 cxd4 11. Nxc6 bxc6 12. cxd5 Bxd5 13. Qxd4 Be6 14. Nd2
Qxd4 15. Bxd4 Rfd8 16. Nf3 Nd5 17. Bc4 Nf4 18. Rfe1 Bxc4 19. bxc4 Ne6 20. Bb2
Rab8 21. Bc3 Rd3 22. Rac1 Kf8 23. Ne5 Rd6 24. Red1 Nf4 25. Kf1 Rxd1+ 26. Rxd1
Rc8 27. g3 Ne6 28. Rd7 f6 29. Nd3 Rc7 30. Rxc7 Nxc7 31. Bd4 a6 32. Ke2 1/2-1/2

[Event "España ch sub-12 2012"]
[Site "Salobreña ESP"]
[Date "2012.07.02"]
[Round "2.21"]
[White "Segura Santos, Jorge"]
[Black "Antunez Muñoz, Ines"]
[Result "0-1"]
[WhiteElo "1241"]
[BlackElo "1872"]
[PlyCount "50"]
[EventDate "2012.07.02"]
[EventType "swiss"]
[EventRounds "9"]
[EventCountry "ESP"]
[Source "lmi"]
[SourceDate "2012.07.02"]

1. d4 d5 2. Nf3 Nf6 3. Bg5 e6 4. e3 Be7 5. Nbd2 O-O 6. Bd3 b6 7. c3 Nbd7 8. Ne5
Bb7 9. f4 c5 10. g4 Ne4 11. Bxe7 Qxe7 12. Nxd7 Qxd7 13. Qc2 c4 14. Be2 b5 15.
Bf3 Nxd2 16. Kxd2 f6 17. h4 e5 18. Rae1 exf4 19. exf4 Qd6 20. f5 Qf4+ 21. Ke2
Rae8+ 22. Kf2 Rxe1 23. Rxe1 Qh2+ 24. Bg2 Qxh4+ 25. Kf1 Qxg4 0-1

[Event "España ch sub-12 2012"]
[Site "Salobreña ESP"]
[Date "2012.07.03"]
[Round "3.1"]
[White "Antunez Muñoz, Ines"]
[Black "Lopez Mulet, Iñigo"]
[Result "0-1"]
[WhiteElo "1872"]
[BlackElo "1957"]
[PlyCount "64"]
[EventDate "2012.07.02"]
[EventType "swiss"]
[EventRounds "9"]
[EventCountry "ESP"]
[Source "lmi"]
[SourceDate "2012.07.02"]

1. e4 e6 2. d4 d5 3. Nc3 Nf6 4. e5 Nfd7 5. Nf3 c5 6. dxc5 Nc6 7. Bf4 Bxc5 8.
Bb5 a6 9. Bxc6 bxc6 10. O-O O-O 11. Ne2 Rb8 12. b3 a5 13. c4 Ba6 14. Rc1 a4 15.
cxd5 cxd5 16. bxa4 Rb2 17. Rc2 Qb6 18. Bc1 Rb1 19. Nc3 Ra1 20. Re1 Rc8 21. Qd2
Bb4 22. a3 Ba5 23. Bb2 Rxe1+ 24. Qxe1 d4 25. Qd1 dxc3 26. Ba1 Rd8 27. Qc1 Nc5
28. Bxc3 Nd3 29. Qa1 Bxc3 30. Rxc3 Nxf2 31. Rc2 Rd1+ 32. Qxd1 Nxd1+ 0-1

[Event "España ch sub-12 2012"]
[Site "Salobreña ESP"]
[Date "2012.07.03"]
[Round "3.2"]
[White "Perez Garcia, Alejandro"]
[Black "Pulido Leon, Manuel"]
[Result "1/2-1/2"]
[WhiteElo "1902"]
[BlackElo "1634"]
[PlyCount "107"]
[EventDate "2012.07.02"]
[EventType "swiss"]
[EventRounds "9"]
[EventCountry "ESP"]
[Source "lmi"]
[SourceDate "2012.07.02"]

1. c4 c5 2. Nc3 Nc6 3. g3 g6 4. Bg2 Bg7 5. Nf3 Nf6 6. O-O O-O 7. d3 d6 8. a3
Bd7 9. Rb1 Rb8 10. b4 b6 11. b5 Na5 12. Nd2 Qc8 13. Bb2 Bh3 14. e4 Bxg2 15.
Kxg2 a6 16. Nb3 axb5 17. Nxa5 b4 18. axb4 cxb4 19. Nb3 bxc3 20. Bxc3 b5 21. Nd2
bxc4 22. Rxb8 Qxb8 23. Nxc4 Qa8 24. Nb6 Qc6 25. Bxf6 exf6 26. Nd5 Re8 27. f3
Qb7 28. Qc2 Rb8 29. Qc4 h5 30. Rc1 Qa7 31. Rc2 Qa1 32. Qc3 Qxc3 33. Rxc3 f5 34.
Rc8+ Rxc8 35. Ne7+ Kh7 36. Nxc8 fxe4 37. dxe4 Bf8 38. f4 f6 39. Kf3 Kg7 40. Ke3
Kf7 41. Kd4 Ke6 42. h3 Bg7 43. f5+ gxf5 44. exf5+ Kxf5 45. Nxd6+ Kg5 46. Ke4
Bf8 47. Nf5 Bb4 48. Nd4 Ba5 49. Nf3+ Kg6 50. g4 hxg4 51. hxg4 Bb6 52. Ne5+ Kg5
53. Nd7 Kxg4 54. Nxf6+ 1/2-1/2

[Event "España ch sub-12 2012"]
[Site "Salobreña ESP"]
[Date "2012.07.03"]
[Round "3.3"]
[White "Povill Claros, Xavier"]
[Black "Bayo Milagro, Alvaro"]
[Result "0-1"]
[WhiteElo "1630"]
[BlackElo "1856"]
[PlyCount "60"]
[EventDate "2012.07.02"]
[EventType "swiss"]
[EventRounds "9"]
[EventCountry "ESP"]
[Source "lmi"]
[SourceDate "2012.07.02"]

1. e4 e6 2. d4 d5 3. e5 c5 4. c3 Nc6 5. Nf3 Qb6 6. a3 Nh6 7. b4 cxd4 8. Bxh6
gxh6 9. cxd4 Bd7 10. Nc3 Nxb4 11. axb4 Bxb4 12. Qb3 Rc8 13. Rc1 O-O 14. Bd3
Rxc3 15. Rxc3 Rc8 16. O-O Rxc3 17. Qb1 Rxd3 18. Qxd3 Bb5 19. Qb1 Bxf1 20. Kxf1
a5 21. Qc1 Bf8 22. g4 Qa6+ 23. Kg2 b5 24. g5 h5 25. Qf4 b4 26. Qh4 Qd3 27. Qxh5
b3 28. Nh4 b2 29. f4 b1=Q 30. f5 Qg3+ 0-1

[Event "España ch sub-12 2012"]
[Site "Salobreña ESP"]
[Date "2012.07.03"]
[Round "3.4"]
[White "Porta Tovar, Guillem"]
[Black "Sanchez Caballero, Alvaro"]
[Result "1-0"]
[WhiteElo "1846"]
[BlackElo "1627"]
[PlyCount "109"]
[EventDate "2012.07.02"]
[EventType "swiss"]
[EventRounds "9"]
[EventCountry "ESP"]
[Source "lmi"]
[SourceDate "2012.07.02"]

1. e4 e6 2. d3 d5 3. Nd2 Nf6 4. Ngf3 c5 5. g3 Nc6 6. Bg2 Be7 7. O-O O-O 8. Re1
dxe4 9. dxe4 e5 10. c3 Be6 11. Qc2 Qc7 12. Bf1 Rad8 13. Bc4 Bxc4 14. Nxc4 b5
15. Na3 a6 16. Bg5 Rd7 17. Bxf6 Bxf6 18. Rad1 Rfd8 19. Qe2 Be7 20. Nc2 Rxd1 21.
Rxd1 Rxd1+ 22. Qxd1 Qd6 23. Qd5 Kf8 24. Ne3 f6 25. Nd2 Qxd5 26. exd5 Na5 27.
Ne4 Nb7 28. b3 g6 29. g4 Kf7 30. Kf1 Bd6 31. Ke2 Ke7 32. Kd3 Na5 33. h4 Nb7 34.
h5 Nd8 35. g5 fxg5 36. Nxg5 h6 37. hxg6 hxg5 38. Nf5+ Kf6 39. g7 Kf7 40. Nxd6+
Kxg7 41. Ke4 Kf6 42. Ne8+ Ke7 43. Nc7 Kf6 44. Nxa6 Nb7 45. Nc7 Nd6+ 46. Ke3 c4
47. Ne6 Kf5 48. f3 Kf6 49. Nc5 Ke7 50. Ne4 cxb3 51. axb3 Nf7 52. c4 bxc4 53.
bxc4 Nd6 54. Nxd6 Kxd6 55. Ke4 1-0

[Event "España ch sub-12 2012"]
[Site "Salobreña ESP"]
[Date "2012.07.03"]
[Round "3.5"]
[White "Garcia Sancho, Josep"]
[Black "Muñoz Pelaez, Manuel"]
[Result "1/2-1/2"]
[WhiteElo "1614"]
[BlackElo "1805"]
[PlyCount "54"]
[EventDate "2012.07.02"]
[EventType "swiss"]
[EventRounds "9"]
[EventCountry "ESP"]
[Source "lmi"]
[SourceDate "2012.07.02"]

1. d4 d5 2. c4 c6 3. Nf3 Nf6 4. e3 Bg4 5. b3 Bxf3 6. Qxf3 e6 7. Bd3 Nbd7 8. Bb2
Bd6 9. Qe2 O-O 10. O-O e5 11. cxd5 e4 12. Bc2 cxd5 13. Ba3 Qe7 14. Bxd6 Qxd6
15. a3 Rac8 16. Rc1 Rc6 17. Nd2 Rfc8 18. Ra2 Nb6 19. b4 Na4 20. Nb1 Qc7 21. h3
Ne8 22. Qb5 Nb6 23. Nd2 Nd6 24. Qf1 Rc3 25. Nb1 Rc6 26. Nd2 Rc3 27. Nb1 Rc6
1/2-1/2

[Event "España ch sub-12 2012"]
[Site "Salobreña ESP"]
[Date "2012.07.03"]
[Round "3.6"]
[White "Jimenez Vado, Yvan"]
[Black "Motos Abellan, Daniel"]
[Result "1/2-1/2"]
[WhiteElo "1739"]
[BlackElo "1620"]
[PlyCount "152"]
[EventDate "2012.07.02"]
[EventType "swiss"]
[EventRounds "9"]
[EventCountry "ESP"]
[Source "lmi"]
[SourceDate "2012.07.02"]

1. d4 d5 2. c4 e6 3. Nc3 Nf6 4. Bg5 Be7 5. Nf3 O-O 6. Bxf6 Bxf6 7. e3 dxc4 8.
Bxc4 b6 9. Ne4 Bb7 10. Qc2 Be7 11. Bd3 f5 12. Ned2 Bb4 13. Bc4 Bd5 14. O-O Bxd2
15. Bxd5 exd5 16. Qxd2 Nd7 17. Rfd1 Nf6 18. Rac1 h6 19. Qc2 Ne8 20. Qc6 Rc8 21.
Ne5 Rf6 22. Qb5 f4 23. Nc6 Qd6 24. Ne5 c5 25. Nf3 fxe3 26. fxe3 Nc7 27. dxc5
Qe7 28. Qd3 bxc5 29. Qc3 c4 30. Qd2 Re8 31. Re1 Re6 32. Kf2 Rf8 33. Kg1 Rg6 34.
Kh1 Qe4 35. Qd4 Na6 36. Qxe4 dxe4 37. Ne5 Rg5 38. Nxc4 Rf2 39. Rg1 Nb4 40. Nd6
Rxb2 41. Rb1 Rxb1 42. Rxb1 Nxa2 43. h4 Rd5 44. Nxe4 Re5 45. Ra1 Rxe4 46. Rxa2
Rxh4+ 47. Kg1 Re4 48. Rxa7 Rxe3 49. Kf2 Re6 50. Kf3 Kh7 51. g4 Kg6 52. Kf4 Kf6
53. Kg3 Re7 54. Ra6+ Kg5 55. Ra5+ Kg6 56. Ra6+ Kf7 57. Kf4 Re6 58. Ra7+ Kf6 59.
Rb7 Ra6 60. Rb4 g5+ 61. Ke4 Kg6 62. Rb8 Ra4+ 63. Kf3 Rf4+ 64. Kg3 Rf7 65. Rb6+
Kg7 66. Rc6 h5 67. gxh5 Rf4 68. Rg6+ Kh7 69. Rxg5 Ra4 70. Rf5 Rb4 71. Rf6 Rb5
72. Kg4 Rb4+ 73. Kf5 Rb5+ 74. Kg4 Rb4+ 75. Kf3 Rb5 76. Kg4 Rb4+ 1/2-1/2